Vývoj vkladů obyvatelstva v letech 1990-1992.
Peňažné správanie obyvateľstva od šesťdesiatych rokov až do r. 1989. Správanie obyvateľstva v r. 1990, tvorba úspor obyvateľstva a devízových vkladov. Rozdiely v tvorbe úspor v ČR a SR. Výška úrokov a reštrukturalizácia uložených prostriedkov. Rastúca príjmová diferenciácia obyvateľstva. Trendy budú...
Gespeichert in:
| 1. Verfasser: | |
|---|---|
| Format: | Buchkapitel |
| Sprache: | Tschechisch |
| Schlagworte: | |
| Tags: |
Keine Tags, Fügen Sie das erste Tag hinzu!
|
MARC
| LEADER | 00000naa a2200000 4500 | ||
|---|---|---|---|
| 001 | r013329 | ||
| 005 | 20221205080155.4 | ||
| 041 | 0 | |a cze | |
| 044 | |a CZ | ||
| 245 | 1 | 0 | |a Vývoj vkladů obyvatelstva v letech 1990-1992. |c R. Brejník |
| 520 | |a Peňažné správanie obyvateľstva od šesťdesiatych rokov až do r. 1989. Správanie obyvateľstva v r. 1990, tvorba úspor obyvateľstva a devízových vkladov. Rozdiely v tvorbe úspor v ČR a SR. Výška úrokov a reštrukturalizácia uložených prostriedkov. Rastúca príjmová diferenciácia obyvateľstva. Trendy budúceho peňažného správania obyvateľstva. | ||
| 610 | 2 | 0 | |a vklady |
| 610 | 2 | 0 | |a úspory obyvateľstva |
| 610 | 2 | 0 | |a ČSFR |
| 610 | 2 | 0 | |a Čechy |
| 610 | 2 | 0 | |a Slovensko |
| 610 | 2 | 0 | |a 1960-1989 |
| 610 | 2 | 0 | |a 1990-1992 |
| 610 | 2 | 0 | |a devízy |
| 610 | 2 | 0 | |a údaje štatistické |
| 610 | 2 | 0 | |a úrok |
| 100 | 1 | |a Brejník, R. | |